| Tag |
First Indicator |
Second Indicator |
Subfields |
| LEADER |
00000ccm a2200000Ia 4500 |
| 001 |
in00002679430 |
| 005 |
20151202112616.0 |
| 008 |
071218s1993 nbucrz e n zxx d |
| 020 |
|
|
|c $15.95
|
| 024 |
1 |
|
|a 073999499155
|
| 028 |
3 |
2 |
|a HL00849915
|b Hal Leonard
|
| 035 |
|
|
|a (OCoLC)ocn184841030
|
| 035 |
|
|
|a (OCoLC)184841030
|
| 040 |
|
|
|a OCO
|c OCO
|d TXA
|d UtOrBLW
|
| 049 |
|
|
|a TXAM
|
| 090 |
|
|
|a M260.M36
|b M36 1993
|
| 110 |
2 |
|
|a Mannheim Steamroller (Musical group)
|
| 245 |
1 |
0 |
|a Mannheim Steamroller solo Christmas :
|b [trumpet in B flat] /
|c arranged by Chip Davis ; transcribed by Chuck Penington.
|
| 246 |
3 |
0 |
|a Mannheim Steamroller Christmas
|
| 246 |
3 |
0 |
|a Solo Christmas
|
| 246 |
3 |
0 |
|a Christmas
|
| 264 |
|
1 |
|a Omaha, Neb. :
|b Dots and Lines Ink ;
|c [1993]
|
| 264 |
|
2 |
|a Milwaukee, WI :
|b Exclusively distributed by Hal Leonard,
|
| 264 |
|
4 |
|c ©1993
|
| 300 |
|
|
|a 1 score (63 pages) + 1 part (29 pages) ;
|c 31 cm.
|
| 336 |
|
|
|a notated music
|b ntm
|2 rdacontent
|
| 337 |
|
|
|a unmediated
|b n
|2 rdamedia
|
| 338 |
|
|
|a volume
|b nc
|2 rdacarrier
|
| 505 |
0 |
|
|a Deck the halls -- Bring a torch, Jeanette, Isabella -- God rest ye merry, gentlemen (modern) -- Hark! the hearlad angels sing -- The holly and the ivy -- Little drummer boy -- Still, still, still -- Greensleeves -- Traditions of Christmas -- Carol of the bells -- Cantique de noel (O holy night) -- Stille nacht.
|
| 650 |
|
0 |
|a Christmas music
|v Scores and parts.
|
| 650 |
|
0 |
|a Trumpet and piano music, Arranged
|v Scores and parts.
|
| 650 |
|
0 |
|a Carols
|v Scores and parts.
|
| 650 |
|
0 |
|a Carols, English
|v Instrumental settings
|v Scores and parts.
|
| 700 |
1 |
|
|a Davis, Chip.
|
| 700 |
1 |
|
|a Penington, Chuck.
|
| 948 |
|
|
|a cataloged
|b h
|c 2010/12/6
|d c
|e jolivare
|f 1:13:43 pm
|
| 994 |
|
|
|a C0
|b TXA
|
| 999 |
|
|
|a MARS
|
| 999 |
f |
f |
|s 8abeeddc-1d34-301d-ad05-192b28ce39b1
|i 33c0d923-682c-3d5e-b2fa-b259b811e9c0
|t 0
|
| 952 |
f |
f |
|p ric
|a Texas A&M University
|b Rellis Campus
|c Joint Library Facility
|d Remote Storage
|t 0
|e M260.M36 M36 1993
|h Library of Congress classification
|i unmediated -- volume
|m A14839330219
|
| 998 |
f |
f |
|a M260.M36 M36 1993
|t 0
|l Remote Storage
|